Increasing female employment in INDIA: Distress or better opportunities? (Record no. 533159)
[ view plain ]
| 000 -LEADER | |
|---|---|
| fixed length control field | 01080nam a22001337a 4500 |
| 008 - FIXED-LENGTH DATA ELEMENTS--GENERAL INFORMATION | |
| fixed length control field | 260427b ||||| |||| 00| 0 eng d |
| 100 ## - MAIN ENTRY--PERSONAL NAME | |
| Personal name | Singh, Indervir and Ankita |
| 245 ## - TITLE STATEMENT | |
| Title | Increasing female employment in INDIA: Distress or better opportunities? |
| 260 ## - PUBLICATION, DISTRIBUTION, ETC. (IMPRINT) | |
| Place of publication, distribution, etc | Economic & Political Weekly |
| 300 ## - PHYSICAL DESCRIPTION | |
| Extent | 61(8), Feb 21, 2026: p.37-45 |
| 520 ## - SUMMARY, ETC. | |
| Summary, etc | The female workforce participation rate has been steadily increasing in India since 2017–18. Examining the reasons behind this trend, the findings indicate a worsening nature for female employment in India, where most women entered the workforce as unpaid or subsidiary workers. Real earnings for workers have generally been declining or stagnant since 2017–18. Additionally, there has been a decline in real household expenditure from 2017–18 to 2023–24. These findings suggest a distress-driven increase in female employment after 2017–18.-Reproduced https://www.epw.in/journal/2026/8/special-articles/increasing-female-employment-india.html |
| 773 ## - HOST ITEM ENTRY | |
| Main entry heading | Economic & Political Weekly |
| 942 ## - ADDED ENTRY ELEMENTS (KOHA) | |
| Item type | Articles |
| Withdrawn status | Lost status | Source of classification or shelving scheme | Damaged status | Not for loan | Permanent location | Current location | Date acquired | Serial Enumeration / chronology | Barcode | Date last seen | Koha item type |
|---|---|---|---|---|---|---|---|---|---|---|---|
| Indian Institute of Public Administration | Indian Institute of Public Administration | 2026-04-27 | 61(8), Feb 21, 2026: p.37-45 | AR138670 | 2026-04-27 | Articles |
